England and Wales. (Exclusive of the Metropolis.) (Record no. 114158)

MARC details
000 -LEADER
fixed length control field 00770cam a22002055a 4500
001 - CONTROL NUMBER
control field L156290
008 - FIXED-LENGTH DATA ELEMENTS--GENERAL INFORMATION
fixed length control field 120510s1875 xxk f 000 0 eng d
035 ## - SYSTEM CONTROL NUMBER
System control number (Sirsi) u156290
041 0# - LANGUAGE CODE
Language code of text/sound track or separate title eng
110 2# - MAIN ENTRY--CORPORATE NAME
Corporate name or jurisdiction name as entry element Great Britain
Subordinate unit Local Government Board
9 (RLIN) 6068
245 00 - TITLE STATEMENT
Title England and Wales. (Exclusive of the Metropolis.)
Remainder of title Return of owners of land, 1873
260 ## - PUBLICATION, DISTRIBUTION, ETC.
Place of publication, distribution, etc. London
Name of publisher, distributor, etc. Printed by G. E. Eyre and W. Spottiswoode for H. M. Stationery Office
Date of publication, distribution, etc. 1875
300 ## - PHYSICAL DESCRIPTION
Extent 2 v.
Dimensions 37 cm.
520 ## - SUMMARY, ETC.
Summary, etc. Known as the "New Domesday book."
520 ## - SUMMARY, ETC.
Summary, etc. Library holds Vol. 1 "England: Bedford to Norfolk" only.
583 0# - ACTION NOTE
Action Condition reviewed
Time/date of action 20120620
Status condition level 4, detached boards and spine
651 #4 - SUBJECT ADDED ENTRY--GEOGRAPHIC NAME
Geographic name England and Wales
Chronological subdivision 1543-
690 ## - LOCAL SUBJECT ADDED ENTRY--TOPICAL TERM (OCLC, RLIN)
Topical term or geographic name as entry element Rural
9 (RLIN) 6268
942 ## - ADDED ENTRY ELEMENTS (KOHA)
Suppress in OPAC 0
Holdings
Withdrawn status Lost status Source of classification or shelving scheme Damaged status Not for loan Home library Current library Shelving location Date acquired Total Checkouts Full call number Barcode Date last seen Copy number Price effective from Koha item type
    Dewey Decimal Classification     Historic collection Historic collection Historic collection 10/05/2012   FOLIO 1875 LOCAL 30076521 06/08/2019 1 06/08/2019 Book